000 00560nam a2200181Ia 4500
008 090124s9999 xx 000 0 und d
082 _b102752
100 _aगांधी महात्मा
245 _a संपूर्ण स्वदेशी
250 _a1
260 _c1947
300 _a6+144
600 _aगांधी महात्मा
630 _a संपूर्ण स्वदेशी
700 _aगांधी महात्मा
730 _a संपूर्ण स्वदेशी
942 _cBOOK
999 _c148844
_d148844